Moderné marketingové prístupy a ich aplikácia v podmienkach vybraného podniku diplomová práca

Na minha lista:
Detalhes bibliográficos
Autor principal: Skrebets, Oleksandra
Autor Corporativo: Fakulta podnikového manažmentu EU. Katedra podnikovohospodárska
Outros Autores: Grančičová, Katarína, 1967-
Formato: Livro
Idioma:eslovaco
Publicado em: Bratislava 2021
Tags: Adicionar Tag
Sem tags, seja o primeiro a adicionar uma tag!

MARC

LEADER 00000nbm a2200000 4500
001 0275803
005 20211203095302.6
041 0 |a slo 
044 |a SK 
245 1 0 |a Moderné marketingové prístupy a ich aplikácia v podmienkach vybraného podniku  |b diplomová práca  |c Oleksandra Skrebets ; školiteľ: Katarína Grančičová 
264 1 |a Bratislava  |c 2021 
300 |a 76 s. 
100 1 |a Skrebets, Oleksandra 
700 1 |a Grančičová, Katarína, 1967- 
710 2 |a Fakulta podnikového manažmentu EU. Katedra podnikovohospodárska